[Event "Dortmund"]
[Site "Dortmund GER"]
[Date "2015.06.27"]
[Round "1"]
[White "Liviu Dieter Nisipeanu"]
[Black "Wesley So"]
[Result "1-0"]
[WhiteElo "2654"]
[BlackElo "2778"]
[Annotator "Wall,Bill"]
[PlyCount "55"]
[EventDate "2015.06.26"]

1. e4 c5 2. Nc3 d6 3. f4 g6 4. Nf3 Bg7 5. Bb5+ Bd7 6. Bxd7+ Qxd7 7. O-O Nc6 8.
d3 e6 9. f5 Nge7 10. fxe6 fxe6 11. Ng5 Ne5 12. Nb5 Qxb5 13. Nxe6 Kd7 14. Nxg7
h5 15. a4 Qb6 16. a5 Qb5 17. c4 Qc6 18. b4 Rh7 19. bxc5 Rxg7 20. Rf6 Nc8 $2 (
20... Nxc4 21. dxc4 Qxc5+ 22. Kh1 Nc8) 21. d4 Ng4 (21... Qxe4 22. dxe5 Qxe5 23.
Rb1) 22. Rf3 Qxe4 23. h3 dxc5 24. dxc5+ Ke8 $2 (24... Kc7) 25. hxg4 Ne7 26. Qf1
Rg8 27. Bb2 hxg4 28. Re1 1-0

[Event "Dortmund"]
[Site "Dortmund GER"]
[Date "2015.06.27"]
[Round "1.2"]
[White "Vladimir Kramnik"]
[Black "Arkadij Naiditsch"]
[Result "0-1"]
[WhiteElo "2783"]
[BlackElo "2722"]
[Annotator "Wall,Bill"]
[PlyCount "114"]
[EventDate "2015.06.27"]

1. d4 Nf6 2. Nf3 d5 3. c4 e6 4. Nc3 c5 5. cxd5 Nxd5 6. e4 Nxc3 7. bxc3 cxd4 8.
cxd4 Bb4+ 9. Bd2 Bxd2+ 10. Qxd2 O-O 11. Bc4 Nd7 12. O-O b6 13. a4 Bb7 14. Bd3
a5 15. Rfc1 e5 16. d5 Nc5 17. Qe3 f5 18. Bc4 Qd6 19. exf5 Rxf5 20. Ng5 Rf4 21.
Rab1 Qg6 22. Ba2 Qxg5 23. Rxb6 Raf8 24. f3 (24. g3) 24... Nd3 25. Rd1 Nb4 26.
Rxb7 Nxa2 27. d6 Nb4 28. Rb5 (28. Rc1) 28... Nc6 29. d7 (29. Qc1) 29... h6 (
29... Qe7) 30. Rbd5 (30. Rc5) 30... Rd8 31. Qc3 $2 (31. Rc1) 31... Nd4 32. Kh1
Rh4 33. Qc7 $2 (33. Qxa5) 33... Kh7 34. h3 Nxf3 35. Qc2+ Kh8 36. Qf2 Nd4 37.
Re1 Rf4 38. Qb2 Qf6 39. Qb1 Nf5 40. Kh2 Rb4 41. Qc1 Ne7 42. Rxa5 Rxd7 43. Raxe5
Ng6 44. Re6 Qf4+ 45. Qxf4 Nxf4 46. R6e4 Rxe4 47. Rxe4 Nd3 48. Re8+ Kh7 49. Ra8
Rd4 50. g4 Nc5 51. a5 Ra4 52. Kg3 Ra3+ 53. Kg2 Ne4 54. a6 Nd6 55. h4 Nb5 56. g5
hxg5 57. hxg5 Nc7 0-1

[Event "Dortmund"]
[Site "Dortmund GER"]
[Date "2015.06.28"]
[Round "2"]
[White "Hou Yifan"]
[Black "Vladimir Kramnik"]
[Result "0-1"]
[WhiteElo "2676"]
[BlackElo "2783"]
[Annotator "Wall,Bill"]
[PlyCount "56"]
[EventDate "2015.06.26"]

1. e4 e5 2. Nf3 Nc6 3. Bb5 Nf6 4. Qe2 Bc5 5. c3 O-O 6. d3 h6 7. Nbd2 d6 8. O-O
Ne7 9. d4 a6 10. dxc5 axb5 11. cxd6 Qxd6 12. Qxb5 Ng6 13. Re1 b6 14. Nc4 Qe6
15. Ne3 Nxe4 16. Qd5 Nc5 17. b4 $2 (17. Qxa8 Bb7 18. Qa3) 17... Bb7 18. Qxe6
Nxe6 19. Nf5 Rfd8 20. a4 Rd3 21. Be3 (21. a5) 21... Rxc3 22. a5 Rb3 23. axb6
cxb6 24. Rxa8+ Bxa8 25. Bxb6 Bxf3 26. gxf3 Ng5 27. Kh1 Nxf3 28. Re4 $2 (28. Rd1
) 28... Nf4 0-1

[Event "Dortmund"]
[Site "Dortmund GER"]
[Date "2015.06.28"]
[Round "2.1"]
[White "Arkadij Naiditsch"]
[Black "Liviu Dieter Nisipeanu"]
[Result "0-1"]
[WhiteElo "2722"]
[BlackElo "2654"]
[Annotator "Wall,Bill"]
[PlyCount "98"]
[EventDate "2015.06.27"]

1. e4 c6 2. d4 d5 3. e5 Bf5 4. Nf3 e6 5. Be2 Ne7 6. O-O h6 7. Nbd2 Nd7 8. Nb3
g5 9. Ne1 Qc7 10. Nd3 b6 11. Be3 Bg7 12. Rc1 Rd8 13. Kh1 c5 14. dxc5 O-O 15.
cxb6 axb6 16. f4 gxf4 17. Nxf4 Nxe5 18. Nh5 Nc4 19. Bg1 Bxb2 20. Nd4 Bg6 21.
Nf6+ Kg7 22. Rb1 e5 23. Nb5 Qc6 24. a4 Nf5 25. Nh5+ Kh7 26. Qe1 Nce3 27. Rxb2
Nxf1 28. Qxf1 d4 29. Bf3 Qc5 30. Nf6+ Kg7 31. Ne4 Qe7 32. Rb3 Nh4 33. Qe1 f5
34. Nd2 Nxf3 35. Nxf3 Rfe8 36. Nh4 Kh7 37. Rh3 Qf6 38. Bf2 Bh5 39. Nf3 Bxf3 40.
Rxf3 e4 41. Rh3 $2 (41. Rb3) 41... d3 42. cxd3 $2 (42. Qd1) 42... exd3 43. Qd1
(43. Qg1) 43... d2 44. Nc3 Re6 45. Qb1 (45. Kg1) 45... Qxc3 46. Qxf5+ Kh8 47.
Rxc3 Re1+ 48. Bg1 Rxg1+ 49. Kxg1 d1=Q+ 0-1

[Event "Dortmund"]
[Site "Dortmund GER"]
[Date "2015.06.28"]
[Round "2.3"]
[White "Fabiano Caruana"]
[Black "Wesley So"]
[Result "0-1"]
[WhiteElo "2805"]
[BlackElo "2778"]
[Annotator "Wall,Bill"]
[PlyCount "138"]
[EventDate "2015.06.27"]

1. Nf3 c5 2. e4 d6 3. d4 cxd4 4. Nxd4 Nf6 5. Nc3 a6 6. h3 e5 7. Nde2 b5 8. g4
b4 9. Nd5 Nxd5 10. exd5 h5 11. gxh5 Rxh5 12. a3 bxa3 13. Rxa3 Nd7 14. Bg2 Nf6
15. O-O Rb8 16. f4 Be7 17. c4 Qb6+ 18. Rf2 Rh4 19. Rc3 Bd7 20. b3 Bxh3 21. Bxh3
Ne4 22. Qe1 Nxc3 23. Qxc3 Qxb3 24. Qxb3 Rxb3 25. Bc8 e4 26. Bxa6 Bd8 27. c5
dxc5 28. Rg2 g6 29. Rg3 Rxg3+ 30. Nxg3 Rg4 31. Kh2 f5 32. Ne2 Rh4+ 33. Kg2 Bc7
34. Bc8 Kd8 35. Be6 (35. Ba6) 35... Ke7 36. Be3 Bd6 37. Bf2 Rh8 38. Be1 c4 39.
Bc3 Ra8 40. Be5 Ra2 41. Kf1 Rd2 42. Bc3 Rd3 43. Ba5 Ba3 44. Bg8 Bd6 45. Be6 Bc5
(45... Ra3) 46. Ke1 (46. Bc3) 46... Rb3 47. Kd2 Rb2+ 48. Kd1 Bb4 49. Bxb4+ (49.
Kc1) 49... Rxb4 50. Kc2 Rb3 51. Nc3 $2 (51. Nd4) 51... e3 52. Bg8 Rb6 53. Ne2 (
53. Kd1) 53... Ra6 54. d6+ (54. Nc3) 54... Rxd6 55. Bxc4 Kf6 56. Bd3 $2 (56.
Nc3) 56... g5 57. fxg5+ Kxg5 58. Ng3 Rc6+ 59. Kd1 f4 60. Nf1 Rb6 61. Nh2 Kh4
62. Ke1 Kg3 63. Nf1+ Kf3 64. Nh2+ Kg2 65. Nf1 Re6 66. Bc4 Re5 67. Ba6 Ra5 68.
Bb7+ Kg1 69. Nxe3 Re5 0-1

[Event "Dortmund"]
[Site "Dortmund GER"]
[Date "2015.06.30"]
[Round "3"]
[White "Wesley So"]
[Black "Arkadij Naiditsch"]
[Result "0-1"]
[WhiteElo "2778"]
[BlackElo "2722"]
[Annotator "Wall,Bill"]
[PlyCount "72"]
[EventDate "2015.06.26"]

1. d4 Nf6 2. c4 e6 3. Nf3 d5 4. Nc3 Nbd7 5. e3 Be7 6. b3 O-O 7. Bb2 b6 8. Bd3
Bb7 9. Qc2 c5 10. cxd5 exd5 11. O-O a6 12. Rfd1 Re8 13. Rac1 Bd6 14. Bf5 Rc8
15. dxc5 bxc5 16. Qd3 Rc7 17. Na4 Qe7 18. Qc3 d4 19. exd4 Bxf3 20. Qxf3 cxd4
21. Ra1 Ne5 22. Qh3 g6 23. Bd3 Nd5 24. Bxd4 Nxd3 25. Qxd3 Nf4 26. Qxa6 $2 (26.
Qf3) 26... Qg5 (26... Ne2+) 27. g3 $2 (27. Qf1) 27... Ne2+ 28. Kf1 Qg4 (28...
Qf5) 29. Be3 Rxe3 30. Qa8+ Kg7 31. Rxd6 Re4 32. Kg2 Nf4+ 33. Kg1 Nh3+ 34. Kg2
Rc2 35. Rf1 Nf4+ 36. Kg1 Qf3 0-1

[Event "Dortmund"]
[Site "Dortmund GER"]
[Date "2015.06.30"]
[Round "3.2"]
[White "Vladimir Kramnik"]
[Black "Ian Nepomniachtchi"]
[Result "1-0"]
[WhiteElo "2783"]
[BlackElo "2720"]
[Annotator "Wall,Bill"]
[PlyCount "109"]
[EventDate "2015.06.27"]

1. Nf3 Nf6 2. g3 c5 3. Bg2 g6 4. c4 Bg7 5. d4 cxd4 6. Nxd4 d5 7. Nc3 dxc4 8.
Qa4+ Nbd7 9. O-O O-O 10. Rd1 Nb6 11. Qa3 Qd6 12. Qxd6 exd6 13. a4 a6 14. Bf4
Ne8 15. Rac1 a5 16. Ndb5 Bd7 17. Bxd6 Nxd6 18. Rxd6 Bc6 19. Bxc6 bxc6 20. Rxc6
Rab8 21. Rc5 Rfd8 22. Na7 Rd2 23. Rb5 Nd7 24. Rxb8+ Nxb8 25. Ncb5 Nd7 26. Rxc4
Bxb2 27. Kf1 Nb6 28. Re4 f5 29. Re8+ Kf7 30. Rb8 Nxa4 31. Nc6 Nc3 32. Nxa5 Rd1+
33. Kg2 Nxe2 34. Nc4 Ba1 35. Nbd6+ Kg7 36. Rb7+ Kg8 37. Re7 Nc3 38. h4 Nd5 39.
Rd7 h5 40. Ra7 Bd4 41. Ra8+ Kg7 42. Rd8 Ba1 43. Nb6 Nc3 44. Nbc8 Kf6 45. Rd7
Nd5 46. Nb6 Be5 $2 (46... Ke6) 47. Nb7 Nc3 (47... Rg1+ 48. Kxg1 Nxb6) 48. Nd8 (
48. f4) 48... g5 $2 (48... Rxd7) 49. Rxd1 Nxd1 50. Nd7+ Ke7 51. Nxe5 Kxd8 52.
hxg5 Ke7 53. f4 Nc3 54. Kh3 Ne4 55. Kh4 1-0

[Event "Dortmund"]
[Site "Dortmund GER"]
[Date "2015.06.30"]
[Round "3.4"]
[White "Georg Meier"]
[Black "Fabiano Caruana"]
[Result "0-1"]
[WhiteElo "2654"]
[BlackElo "2805"]
[Annotator "Wall,Bill"]
[PlyCount "102"]
[EventDate "2015.06.27"]

1. Nf3 d6 2. d4 g6 3. e4 Bg7 4. Be2 Nd7 5. c4 e5 6. Nc3 Ne7 7. h4 h6 8. g4 Nb6
9. g5 hxg5 10. Bxg5 Bg4 11. d5 f6 12. Be3 Bh6 13. Qd3 Bh5 14. O-O-O Kf7 15.
Rdg1 Qd7 16. Bxh6 Rxh6 17. Bf1 Rah8 18. Bh3 Qd8 19. Ne1 c6 20. b3 Nd7 21. Qe3
cxd5 22. cxd5 Nc5 23. b4 Nd7 24. Qxa7 Qc7 25. Qe3 Nb6 26. Kb1 Kg7 27. Nb5 Qd8
28. f3 Rf8 29. Rg2 f5 30. Rc2 Na8 31. Qa7 fxe4 32. fxe4 Rf4 33. Bg2 Bd1 34. Rd2
Bg4 35. Qxb7 Rf7 36. Qa6 Nb6 37. Nd3 Nc4 38. Rc2 Bc8 39. Qa8 Ne3 40. Re2 Nxg2
41. Rxg2 Qb6 42. a4 Qe3 43. Rd1 Rf1 44. Rxf1 Qxd3+ 45. Rc2 Qxf1+ 46. Kb2 Qe1
47. Qa7 $2 (47. Nc3) 47... Qxb4+ 48. Ka2 Kf6 49. Rf2+ Nf5 50. exf5 (50. Qb8)
50... Bxf5 51. Qa8 $2 (51. Nc7) 51... Rxh4 0-1

[Event "Dortmund"]
[Site "Dortmund GER"]
[Date "2015.07.01"]
[Round "4"]
[White "Fabiano Caruana"]
[Black "Arkadij Naiditsch"]
[Result "1-0"]
[WhiteElo "2805"]
[BlackElo "2722"]
[Annotator "Wall,Bill"]
[PlyCount "81"]
[EventDate "2015.06.26"]

1. d4 Nf6 2. c4 e6 3. g3 d5 4. Bg2 dxc4 5. Nf3 c5 6. O-O Nc6 7. Qa4 Bd7 8. Qxc4
b5 9. Qc3 cxd4 10. Nxd4 Nxd4 11. Qxd4 Rc8 12. Bf4 Bc5 13. Qd3 Qb6 14. Nd2 O-O
15. Ne4 Nd5 16. Ng5 g6 17. Be5 Be7 18. Nf3 Bc6 19. Qd2 f6 20. Bd4 Qb7 21. Rac1
Rfd8 22. Bh3 Bd7 23. Rxc8 Bxc8 24. Rc1 Bd7 25. Bc5 Bxc5 26. Rxc5 Rc8 27. b4
Rxc5 28. bxc5 Qc7 29. e4 Ne7 30. Qd4 Kg7 31. e5 f5 32. Bg2 h6 33. Qd6 Qxd6 34.
exd6 Nc6 35. Ne1 a5 $2 (35... e5) 36. Nd3 (36. Bxc6 Bxc6 37. Nd3) 36... b4 37.
h4 Nd4 38. Kh2 Bb5 39. Ne5 Kf6 40. c6 Bxc6 41. Nxc6 1-0

[Event "Dortmund"]
[Site "Dortmund GER"]
[Date "2015.07.01"]
[Round "4.2"]
[White "Georg Meier"]
[Black "Vladimir Kramnik"]
[Result "0-1"]
[WhiteElo "2654"]
[BlackElo "2783"]
[Annotator "Wall,Bill"]
[PlyCount "108"]
[EventDate "2015.06.27"]

1. e4 e5 2. Nf3 Nc6 3. Bb5 Nf6 4. O-O Nxe4 5. Re1 Nd6 6. Nxe5 Be7 7. Bf1 Nf5 8.
Nf3 d5 9. d4 O-O 10. c3 Bd6 11. Bd3 Nce7 12. Nbd2 c6 13. Nf1 g6 14. h3 Kh8 15.
Bd2 f6 16. Qc2 Bd7 17. b3 Rc8 18. Re2 b6 19. g4 Ng7 20. Rae1 c5 21. dxc5 bxc5
22. Qc1 Bc6 23. Bf4 Ng8 24. Bg3 d4 25. N1h2 Bxg3 26. fxg3 g5 27. Be4 Bxe4 28.
Rxe4 Qd6 29. Kg2 f5 30. Re5 h6 31. Qd2 Rcd8 32. Qd3 f4 33. Nf1 Qc6 34. cxd4
cxd4 35. R1e4 fxg3 36. Nxg3 Nf6 37. Rxd4 Ne6 38. Rxe6 Rxd4 39. Qxd4 Qxe6 40.
Qxa7 Rc8 41. Nf5 Qe2+ 42. Qf2 Qd3 43. Qd4 Rc2+ 44. Kg1 Rc1+ 45. Kg2 Qc2+ 46.
Kg3 Qc7+ 47. Kg2 Rc2+ 48. Kg1 Rc6 49. Kf2 Kh7 50. Ke2 $2 (50. Ne3) 50... Rc2+
51. Ke3 $2 (51. Kd1) 51... Rxa2 52. Qc4 Qb7 53. Qe6 Nd5+ 54. Kd4 Qb4+ 0-1

[Event "Dortmund"]
[Site "Dortmund GER"]
[Date "2015.07.03"]
[Round "5"]
[White "Wesley So"]
[Black "Ian Nepomniachtchi"]
[Result "1-0"]
[WhiteElo "2778"]
[BlackElo "2720"]
[Annotator "Wall,Bill"]
[PlyCount "97"]
[EventDate "2015.06.26"]

1. d4 Nf6 2. c4 g6 3. f3 e6 4. e4 c5 5. d5 d6 6. Nc3 Bg7 7. Nge2 exd5 8. cxd5
O-O 9. Ng3 a6 10. a4 h5 11. Be2 Qe8 12. Bf4 Qe7 13. Bg5 Qe8 14. Qd2 Nbd7 15.
Bh6 Qe5 16. Bxg7 Kxg7 17. Bd3 Rb8 18. Rd1 Re8 19. Be2 h4 20. Nf1 h3 21. g4 b5
22. axb5 axb5 23. Ng3 b4 24. Na4 Ra8 25. b3 Ba6 26. Bxa6 Rxa6 27. O-O Rea8 28.
f4 Qe7 29. Qe2 Nh7 30. Rf3 Qh4 31. Kh1 c4 32. Qxc4 Qxg4 33. Qd3 Kf8 34. Rg1
Rxa4 $2 (34... Qh4) 35. bxa4 Nc5 36. Qe3 Rxa4 37. Nf5 gxf5 $2 (37... Ra1) 38.
Rxg4 fxg4 39. Rf1 Nf6 40. e5 Nfe4 41. f5 Ra2 42. e6 g3 43. hxg3 Ke8 44. g4 h2
45. Qh3 f6 46. g5 Nxg5 47. Qh8+ Ke7 48. Qg7+ Ke8 49. Qxf6 1-0

[Event "Dortmund"]
[Site "Dortmund GER"]
[Date "2015.07.03"]
[Round "5"]
[White "Vladimir Kramnik"]
[Black "Fabiano Caruana"]
[Result "0-1"]
[WhiteElo "2783"]
[BlackElo "2805"]
[Annotator "Wall,Bill"]
[PlyCount "76"]
[EventDate "2015.06.26"]

1. Nf3 d5 2. g3 g6 3. Bg2 Bg7 4. d4 Nf6 5. O-O O-O 6. c4 c6 7. Nbd2 a5 8. b3 a4
9. Ba3 axb3 10. axb3 Bf5 11. Nh4 Be6 12. Re1 Ne4 13. Bxe4 dxe4 14. Nxe4 Qxd4
15. Qc2 Bf5 16. Nxf5 gxf5 17. Ng5 Qg4 18. f4 Bxa1 19. Rxa1 h6 20. Nf3 Nd7 21.
Rd1 Rxa3 22. Rxd7 Qh3 23. Qc3 e6 24. Rxb7 Rfa8 25. Kf2 Ra1 26. Ke3 Rf1 27. Qf6
Rf8 28. Rd7 Rb1 29. Rb7 c5 30. Rb5 Rf1 31. Nd2 $2 (31. Rxc5) 31... Rc1 32. Qb2
Rd1 (32... Rh1) 33. Qc2 $2 (33. Nf3) 33... Rh1 34. Nf3 Qg2 35. Qc3 $2 (35. Qd3)
35... Rf1 36. Qf6 Rf2 37. Kd3 Rxe2 38. Ng5 Rd2+ 0-1

[Event "Dortmund"]
[Site "Dortmund GER"]
[Date "2015.07.04"]
[Round "6"]
[White "Fabiano Caruana"]
[Black "Hou Yifan"]
[Result "1-0"]
[WhiteElo "2805"]
[BlackElo "2676"]
[Annotator "Wall,Bill"]
[PlyCount "77"]
[EventDate "2015.06.26"]

1. c4 e6 2. Nc3 d5 3. d4 Bb4 4. a3 Bxc3+ 5. bxc3 Nf6 6. e3 c6 7. a4 O-O 8. Nf3
b6 9. cxd5 exd5 10. Bd3 Ba6 11. O-O c5 12. Ne5 Re8 13. a5 Bxd3 14. Nxd3 Nc6 15.
axb6 axb6 16. Rxa8 Qxa8 17. dxc5 bxc5 18. Nxc5 Ne5 19. Nd3 Nc4 20. Nf4 h6 21.
Qd4 Re4 22. Qc5 Re5 23. f3 Qa2 24. Qd4 Qa4 25. h4 Qb5 26. g4 Nd7 27. Nd3 Re6
28. Kg2 Ndb6 29. Nf4 Re5 30. Nh5 Qb1 $2 (30... f6) 31. e4 dxe4 32. f4 Rxh5 33.
gxh5 Qc2+ (33... f5) 34. Kh1 Qe2 35. Rg1 Qf3+ (35... f6) 36. Rg2 (36. Kh2)
36... g6 $2 (36... f6) 37. hxg6 (37. Qd8+) 37... Qf1+ 38. Kh2 Qxc1 39. Qf6 1-0

[Event "Dortmund"]
[Site "Dortmund GER"]
[Date "2015.07.04"]
[Round "6"]
[White "Ian Nepomniachtchi"]
[Black "Arkadij Naiditsch"]
[Result "1-0"]
[WhiteElo "2720"]
[BlackElo "2722"]
[Annotator "Wall,Bill"]
[PlyCount "135"]
[EventDate "2015.06.26"]

1. c4 e6 2. Nc3 d5 3. d4 Nf6 4. cxd5 exd5 5. Bg5 c6 6. Qc2 Be7 7. e3 Nbd7 8.
Bd3 O-O 9. Nge2 Re8 10. O-O h6 11. Bf4 Nf8 12. a3 a5 13. f3 Nh5 14. Be5 f6 15.
Bg3 Nxg3 16. Nxg3 Bd6 17. Rae1 Qc7 18. f4 Be6 19. Nf5 Bxf5 20. Bxf5 Re7 21. h4
Rae8 22. Rf3 b5 23. h5 b4 24. axb4 Bxb4 25. Re2 Qd6 26. Qd3 Rd8 27. Na4 c5 28.
Nxc5 Bxc5 29. dxc5 Qxc5 30. Rc2 Qb6 31. Kh2 Ne6 32. Rg3 Kh8 33. Qa3 Qb4 34.
Qxb4 axb4 35. Rc6 Nc7 36. Rf3 Nb5 37. Rc5 Nc7 38. Bg6 Kg8 39. Rc6 Kf8 40. b3
Ne8 (40... Rb8) 41. Rb6 Rc7 (41... d4) 42. Rxb4 Nd6 43. Rf1 Ke7 44. Rd1 Rc5 45.
Rb6 Rb5 46. Rxb5 Nxb5 47. Kg3 Ke6 48. Kg4 Nd6 49. e4 dxe4 50. Bxe4 Rb8 51. Bd5+
Kd7 52. Ra1 f5+ 53. Kh3 Ne8 54. Ra7+ Nc7 55. Bc4 Kd6 56. Ra5 Rf8 57. Kg3 Rf6
58. Kf3 Kc6 59. g3 Ne8 60. Re5 Nd6 61. Bd3 Rf7 62. b4 Rb7 $2 (62... Rf6) 63.
Rc5+ Kd7 64. b5 Ke6 (64... Kd8) 65. Re5+ Kf6 66. Ke3 Ra7 (66... Rd7) 67. Kd4
Ra3 $2 (67... Rd7) 68. Bc4 1-0

[Event "Dortmund"]
[Site "Dortmund GER"]
[Date "2015.07.05"]
[Round "7"]
[White "Liviu Dieter Nisipeanu"]
[Black "Fabiano Caruana"]
[Result "0-1"]
[WhiteElo "2654"]
[BlackElo "2805"]
[Annotator "Wall,Bill"]
[PlyCount "60"]
[EventDate "2015.06.26"]

1. e4 e5 2. Nf3 Nc6 3. Bc4 Bc5 4. b4 Bxb4 5. c3 Ba5 6. d4 d6 7. Qb3 Qd7 8. dxe5
Bb6 9. a4 Na5 10. Qa2 Nxc4 11. Qxc4 Ne7 12. Ba3 O-O 13. O-O Re8 14. exd6 cxd6
15. Rd1 Qc6 16. Nbd2 Be6 17. Qxc6 Nxc6 18. Bxd6 Rad8 19. Bb4 Rd3 20. a5 Bc7 21.
Nf1 Rxd1 22. Rxd1 Nxa5 23. Nd4 Nc4 24. Nxe6 Rxe6 25. Rd7 $2 (25. Bc5) 25... Rc6
26. Ng3 (26. Be7) 26... g6 27. Ne2 a5 28. Nd4 $2 (28. Be7) 28... axb4 29. Nxc6
b3 30. Rxc7 $2 (30. Ne7+ Kf8 31. Nxg6+) 30... Nd6 0-1

[Event "Dortmund"]
[Site "Dortmund GER"]
[Date "2015.07.05"]
[Round "7"]
[White "Wesley So"]
[Black "Vladimir Kramnik"]
[Result "1-0"]
[WhiteElo "2778"]
[BlackElo "2783"]
[Annotator "Wall,Bill"]
[PlyCount "151"]
[EventDate "2015.06.26"]

1. e4 e5 2. Nf3 Nc6 3. Bb5 Nf6 4. O-O Nxe4 5. d4 Nd6 6. Bxc6 dxc6 7. dxe5 Nf5
8. Qxd8+ Kxd8 9. h3 Ne7 10. Nc3 Bd7 11. Ng5 Ke8 12. e6 Bxe6 13. Nxe6 fxe6 14.
Re1 Kf7 15. Ne4 h6 16. Rd1 e5 17. Rd7 Rc8 18. Bd2 b6 19. Re1 Ke6 20. Rd3 c5 21.
f4 Nc6 22. Rg3 Re8 23. fxe5 g5 24. h4 Bg7 25. hxg5 Bxe5 26. Rf3 hxg5 27. Bxg5
Bd4+ 28. Nf2+ Kd5 29. Rd1 Rhg8 30. Bf4 Re2 31. c3 Rxb2 32. cxd4 Nxd4 33. Be3
Rxa2 34. Rf4 Ra4 35. Ne4 Kc6 36. Nc3 Ra3 37. Bxd4 cxd4 38. Ne2 d3 39. Rf3 Ra2
40. Nf4 d2 41. Kf2 b5 42. Rc3+ Kb7 43. Nd5 Rg7 44. Rb3 a6 45. Nb4 Ra4 46. Rxd2
c5 47. Nd5 Rd7 48. Rf3 Re4 49. Rf6 Ka7 50. Rd3 c4 51. Rh3 Rd4 52. Nb4 R4d6 53.
Rhh6 Rxf6+ 54. Rxf6 Rd2+ 55. Kf3 a5 $2 (55... Kb7) 56. Ra6+ Kb7 57. Rxa5 Kb6
58. Ra2 Rd7 59. Ra8 Kc5 60. Nc2 Rc7 (60... Rf7+) 61. Rf8 c3 (61... Rb7) 62.
Rf5+ Kb6 63. g4 Ka5 64. g5 Ka4 65. Ke3 Rd7 66. g6 b4 67. Rf4 Kb3 68. Nxb4 Re7+
69. Re4 Rg7 70. Rg4 Re7+ 71. Kf3 Rg7 72. Nc6 Rg8 73. g7 c2 74. Nd4+ Kc4 75.
Nxc2+ Kd5 76. Rg6 1-0